| 000 | 00486nam a2200169Ia 4500 | ||
|---|---|---|---|
| 008 | 240729s9999 xx 000 0 und d | ||
| 022 | _a2682-2512 | ||
| 245 | 0 | _aMansoura Veterinary Medical Journal | |
| 260 | _aEgypt | ||
| 260 | _bMansoura University, Faculty of Veterinary Medicine | ||
| 650 | _a Animal culture | ||
| 650 | _a Veterinary medicine | ||
| 650 | _aAgriculture | ||
| 856 | _uhttps://doaj.org/toc/4a015b5ff5e34931947231f472f57e33 | ||
| 942 | _2ddc | ||
| 942 | _cDOAJEJ | ||
| 999 |
_c74984 _d74984 |
||
| 945 |
_a1 _bMadushi Gamage _c1 _dMadushi Gamage |
||